000 00451nam a2200181Ia 4500
001 1116
005 20260306140608.0
008 260306t2017||||xx |||||||||||||| ||spa||
041 _aESP
082 _a183.092
_bV23
100 _aVallejo Campos, Álvaro
_eAUT
245 0 _aFilósofos griegos:
_bde los sofistas a Aristóteles
260 _c2017
300 _a634 páginas :
_c24 cm.
650 _aGEN
654 _aCHU
942 _cLIB
_dJUS
_fJUS
_2ddc
_n
999 _c1116
_d1116